| 000 | 01913cam a2200253 4500 | ||
|---|---|---|---|
| 001 | ABS64165 | ||
| 008 | 000000n2001 000 0 eng u | ||
| 035 | _a(Sirsi) u113300 | ||
| 245 | _aEdwin Shirley Productions Ltd v Workspace Management Ltd and others | ||
| 260 | _c2001 | ||
| 490 |
_aEstates Gazette _v[2001] 23 EG 158-167(10) |
||
| 520 | _aChD 22 February 2001. The second defendant (T) entered into an agreement to grant leases to additional parts of a studio complex to the claimant (E), which granted E a licence to enter and remain in those premises on the same terms as if the leases had been granted. This included a right of re-entry and the payment of licence fees, which E never paid. When T re-entered the premises and demanded the leases should be entered into and all sums paid E applied for an interim mandatory injunction, seeking relief on the grounds of proprietary estoppel and consecutive trust. E contended that it had relied upon representations on behalf of T regarding a substantial rent holiday and expenditure on improvements, and that the T knew that it was unable to make the improvements and comply with the terms of the agreement. "Held": The application was dismissed as the lowest threshold for the grant of an injunction was not satisfied because there could be no doubt that the negotiations to revise the agreement which took place before T retook possession as subject to contract and there was no basis for any licence-free period after negotiations had ended. | ||
| 590 | _aABS | ||
| 650 | _aCONSTRUCTIVE TRUST | ||
| 650 | _aEDWIN SHIRLEY PRODUCTIONS LTD V WORKSPACE MANAGEMENT LTD | ||
| 650 | _aLICENCES TO OCCUPY | ||
| 650 | _aPROPRIETARY ESTOPPEL | ||
| 650 | _aRENT HOLIDAYS | ||
| 650 | _aREPOSSESSION | ||
| 650 | _aSUBJECT TO CONTRACT | ||
| 650 | _aTERMINATION OF LICENCE | ||
| 690 | _aLANDLORD AND TENANT-BUSINESS TENANCIES-CASE LAW | ||
| 942 | _n0 | ||
| 999 |
_c67488 _d67488 |
||